006100000a22001330004500090001400000245011700014041001300131500004500144100003200189942001300221773005100234999001700285952017400302 aARb0422710aGenus Passaliolla Balthasar, 1945 in Central and South America (Coleoptera: Scarabaeidae: Aphodiinae: Eupariini)0 aInglés a1 aStebnicka, Adzislawa998120 cARTICULO1 tActa Zoologica Cracov.h3-4q233-239d2000g43 c13324d13324 001040718HEMEROTECAaBogotabBogotad2006-11-14eTrujillo, DiegohFuera de circulaciónl0oAR 04227p023667r2015-03-25 00:00:00t1w2015-03-25xEntregadoyARTICULO